000 01124nam0a22002771 4500
001 v19\rc\1705261
005 20260405155353.0
035 _a(NLR Aleph) 005245595
090 _a5750352
_c5750352
100 _a20061002d1898 |||y0rusy50 ca
101 0 _arus
102 _aRU
105 _ay j |||||
200 1 _aМнение о причинах студенческих волнений и мерах к устранению их... представленное... попечителю Харьковского учебного округа
_f[Соч.] Засл. орд. проф. А.П. Шимкова
210 _a[Харьков
_d1898?]
215 _a[12] с.
_d35
309 _aБез тит. л. и обл.
309 _aНапеч. на пиш. маш. Литогр.
700 1 _7ca
_8rus
_aШимков
_bА. П.
_f1839-
_gАндрей Петрович
_949091
_3RU\NLR\AUTH\7766163
801 2 _aRU
_bNLR
_c20090413
_2rusmarc
801 0 _aRU
_bNLR
_c20061002
_gpsbo
801 0 _aRU
_bRuMoRGB
_c20061002
_2psbo
801 1 _aRU
_bProSoft-M
_c20061002
_2rusmarc
852 _aNLR
_j34.83.1.145
942 _cBOOK
980 _aNB